[Event "18. Obert Int. Sant Marti 2016"]
[Site "Barcelona ESP"]
[Date "2016.07.20"]
[Round "8.15"]
[White "Lorenzo De La Riva, Lazaro"]
[Black "Chernyak, Viktoria"]
[Result "0-1"]
[WhiteElo "2370"]
[BlackElo "2186"]
[PlyCount "208"]
[EventDate "2016.07.13"]
[EventType "swiss"]
[EventRounds "9"]
[EventCountry "ESP"]
[SourceTitle "Ajedrez en Madrid"]
[Source "lmi"]
[SourceDate "2016.07.13"]
[SourceVersion "1"]
[SourceVersionDate "2019.06.21"]
[SourceQuality "1"]

1. d4 Nf6 2. Bg5 d5 3. Nf3 e6 4. e3 Be7 5. c4 O-O 6. Nc3 h6 7. Bh4 Nbd7 8. Qc2
c6 9. cxd5 exd5 10. Bd3 Re8 11. O-O Ne4 12. Bxe7 Qxe7 13. Bxe4 dxe4 14. Nd2 Nf6
15. a3 Bf5 16. Rfc1 Rad8 17. Ne2 Nd5 18. Ng3 Bg6 19. Qc5 a6 20. Qxe7 Rxe7 21.
Ne2 f6 22. b4 Rd6 23. Nc3 Nxc3 24. Rxc3 Bf7 25. a4 Bd5 26. Rb1 Kf7 27. Rc5 g5
28. Ra5 Kg6 29. Rc1 Rd8 30. Nc4 Bxc4 31. Rxc4 Red7 32. g3 Rd6 33. Rac5 Rd5 34.
b5 axb5 35. axb5 Rxc5 36. dxc5 cxb5 37. Rb4 Rd5 38. Rxb5 h5 39. h3 g4 40. Kg2
Re5 41. h4 b6 42. Rxb6 Rxc5 43. Rb4 Kf5 44. Rb2 Ra5 45. Kf1 Ke5 46. Ke2 Kf5 47.
Kd2 Ra3 48. Rb5+ Kg6 49. Kc2 Ra2+ 50. Rb2 Ra3 51. Kb1 Rd3 52. Rc2 Ra3 53. Rd2
Kf5 54. Kb2 Rd3 55. Rc2 Kg6 56. Kc1 Ra3 57. Rd2 Kf5 58. Rd5+ Ke6 59. Rd4 Kf5
60. Rd2 Rd3 61. Ra2 Rb3 62. Kc2 Rd3 63. Ra1 Rd5 64. Ra2 Rd3 65. Ra5+ Kg6 66.
Ra8 Kf5 67. Ra4 Rd5 68. Ra3 Ke5 69. Ra2 Rd3 70. Ra5+ Rd5 71. Ra7 Kf5 72. Ra2
Rd3 73. Ra6 Rd5 74. Ra3 Rd6 75. Ra5+ Kg6 76. Rc5 Rd3 77. Rc3 Rd5 78. Kb3 Rd2
79. Rc2 Rd3+ 80. Kc4 Kf5 81. Ra2 Kg6 82. Kc5 Kf5 83. Kc6 Kg6 84. Rb2 Rd1 85.
Kc5 Kf5 86. Kc4 Kg6 87. Ra2 Rd8 88. Kc3 Rd3+ 89. Kc2 Kf5 90. Ra4 Rd5 91. Rd4
Rxd4 92. exd4 Ke6 93. Kd2 Kd5 94. Ke3 f5 95. Kf4 Kxd4 96. Kxf5 e3 97. fxe3+
Kxe3 98. Kg5 Kf3 99. Kxh5 Kxg3 100. Kg5 Kf3 101. h5 g3 102. h6 g2 103. h7 g1=Q+
104. Kh6 Qa1 0-1

[Event "18. Obert Int. Sant Marti 2016"]
[Site "Barcelona ESP"]
[Date "2016.07.20"]
[Round "8.16"]
[White "Yogit, S."]
[Black "Lillo Castany, Victor"]
[Result "1-0"]
[WhiteElo "2197"]
[BlackElo "2312"]
[PlyCount "143"]
[EventDate "2016.07.13"]
[EventType "swiss"]
[EventRounds "9"]
[EventCountry "ESP"]
[SourceTitle "Ajedrez en Madrid"]
[Source "lmi"]
[SourceDate "2016.07.13"]
[SourceVersion "1"]
[SourceVersionDate "2019.06.21"]
[SourceQuality "1"]

1. e4 c5 2. Nf3 d6 3. d4 cxd4 4. Nxd4 Nf6 5. Nc3 Nc6 6. Bg5 e6 7. Qd2 a6 8.
O-O-O Bd7 9. f3 h6 10. Be3 b5 11. Nxc6 Bxc6 12. Ne2 Qc7 13. Nd4 Bb7 14. Bd3 Rc8
15. Kb1 Nd7 16. Rhe1 Be7 17. f4 Nc5 18. Bf2 O-O 19. g4 Bf6 20. h4 Bxd4 21. Bxd4
e5 22. Bxc5 dxc5 23. f5 c4 24. Bf1 Rfd8 25. Qe3 Rxd1+ 26. Rxd1 Rd8 27. Rc1 Rd4
28. Bg2 Qd8 29. g5 Rd2 30. Bf3 Qd4 31. Qa3 Qd6 32. Qe3 Qd4 33. Qa3 Qd6 34. Qe3
b4 35. gxh6 Qxh6 36. Qa7 Qf4 37. Qxb7 Qxf3 38. Qxb4 Rd1 39. Qe7 Rxc1+ 40. Kxc1
Qe3+ 41. Kd1 Qd4+ 42. Kc1 Qe3+ 43. Kd1 Qd4+ 44. Kc1 Qxe4 45. Qb4 Qf4+ 46. Kd1
Qd4+ 47. Ke2 Qe4+ 48. Kd2 Qd4+ 49. Ke2 Qd5 50. Ke3 Kh7 51. Qd2 Qb5 52. Qc3 f6
53. b3 Qb6+ 54. Ke2 cxb3 55. axb3 Qg1 56. Qf3 Qh2+ 57. Qf2 Qh3 58. Kd2 Qg4 59.
c4 Qe4 60. Kc3 a5 61. Kb2 Qg4 62. c5 Qe4 63. Qc2 Qc6 64. Qc3 e4 65. Kc2 a4 66.
b4 Qd5 67. Kb2 Qc6 68. Qd4 Kh6 69. Qd6 Qb5 70. Qf4+ Kh5 71. Qxe4 Qa6 72. Ka3
1-0

[Event "18. Obert Int. Sant Marti 2016"]
[Site "Barcelona ESP"]
[Date "2016.07.20"]
[Round "8.17"]
[White "Herrera Reyes, Jose Antonio"]
[Black "Niraj, Saripalli"]
[Result "1-0"]
[WhiteElo "2253"]
[BlackElo "2140"]
[PlyCount "89"]
[EventDate "2016.07.13"]
[EventType "swiss"]
[EventRounds "9"]
[EventCountry "ESP"]
[SourceTitle "Ajedrez en Madrid"]
[Source "lmi"]
[SourceDate "2016.07.13"]
[SourceVersion "1"]
[SourceVersionDate "2019.06.21"]
[SourceQuality "1"]

1. Nf3 Nf6 2. g3 g6 3. Bg2 Bg7 4. O-O O-O 5. d3 c5 6. e4 d6 7. c3 Nc6 8. a3 b6
9. b4 Bb7 10. Nbd2 Qc7 11. Bb2 Rad8 12. Qe2 e5 13. Nc4 Rfe8 14. Qc2 d5 15. exd5
Nxd5 16. b5 Nce7 17. Rfe1 Nc8 18. a4 f6 19. a5 bxa5 20. Nxa5 Ba8 21. Nd2 Kh8
22. Qb3 Ndb6 23. Nc6 Rxd3 24. Qc2 Bxc6 25. Qxd3 c4 26. Qf1 Bxb5 27. f4 exf4 28.
Rxe8+ Bxe8 29. Qxf4 Qxf4 30. gxf4 f5 31. Re1 Bb5 32. Bf1 Nd6 33. Re6 Bf8 34.
Ba3 Nbc8 35. Nxc4 Nxc4 36. Bxf8 Kg8 37. Bc5 Kf7 38. Bxc4 Bxc4 39. Rc6 Be6 40.
Rc7+ Kg8 41. Kf2 h6 42. h4 a5 43. Ke3 a4 44. Kd4 a3 45. Bxa3 1-0

[Event "18. Obert Int. Sant Marti 2016"]
[Site "Barcelona ESP"]
[Date "2016.07.20"]
[Round "8.19"]
[White "Henriquez Villagra, Cristobal"]
[Black "Bannink, Bernard"]
[Result "1-0"]
[WhiteElo "2491"]
[BlackElo "2232"]
[PlyCount "81"]
[EventDate "2016.07.13"]
[EventType "swiss"]
[EventRounds "9"]
[EventCountry "ESP"]
[SourceTitle "Ajedrez en Madrid"]
[Source "lmi"]
[SourceDate "2016.07.13"]
[SourceVersion "1"]
[SourceVersionDate "2019.06.21"]
[SourceQuality "1"]

1. e4 c5 2. Nf3 e6 3. d4 cxd4 4. Nxd4 Nc6 5. Nb5 d6 6. c4 a6 7. N5a3 Nf6 8. Nc3
Be7 9. Be2 O-O 10. O-O b6 11. Be3 Bb7 12. f3 Re8 13. Qd2 d5 14. cxd5 exd5 15.
exd5 Nb4 16. d6 Bxd6 17. Nc4 Bc7 18. Qxd8 Raxd8 19. Bxb6 Bxb6+ 20. Nxb6 Nbd5
21. Nbxd5 Nxd5 22. Rfe1 Kf8 23. Nxd5 Rxd5 24. Bc4 Rxe1+ 25. Rxe1 Rc5 26. b3 a5
27. Rd1 Ke7 28. Rd4 Rc6 29. Kf2 Ba6 30. Bxa6 Rxa6 31. Ra4 Kd7 32. b4 Rb6 33.
bxa5 Rb2+ 34. Kg3 Kc8 35. a6 Kb8 36. Re4 Rxa2 37. Re8+ Kc7 38. Re7+ Kd6 39.
Rxf7 g6 40. a7 Ke6 41. Rxh7 1-0

[Event "18. Obert Int. Sant Marti 2016"]
[Site "Barcelona ESP"]
[Date "2016.07.20"]
[Round "8.20"]
[White "Larsson, Anders"]
[Black "Rathanvel, V S."]
[Result "0-1"]
[WhiteElo "2226"]
[BlackElo "2374"]
[PlyCount "224"]
[EventDate "2016.07.13"]
[EventType "swiss"]
[EventRounds "9"]
[EventCountry "ESP"]
[SourceTitle "Ajedrez en Madrid"]
[Source "lmi"]
[SourceDate "2016.07.13"]
[SourceVersion "1"]
[SourceVersionDate "2019.06.21"]
[SourceQuality "1"]

1. d4 Nf6 2. Nf3 g6 3. g3 Bg7 4. Bg2 O-O 5. O-O d5 6. c4 dxc4 7. Na3 c3 8. bxc3
c5 9. Nc4 Nc6 10. Nfe5 Nd5 11. Bb2 Nxe5 12. Nxe5 Bxe5 13. dxe5 Be6 14. c4 Nb6
15. Qxd8 Rfxd8 16. Bxb7 Rab8 17. Bg2 Nxc4 18. Bc3 Na3 19. Rfc1 c4 20. Bf1 Bf5
21. f3 Bb1 22. Kf2 Bc2 23. h4 Rb7 24. Bg2 Rdb8 25. Bd4 Rc7 26. Bc3 Rcb7 27. Bd4
Rc7 28. Bc3 Ba4 29. f4 Bc2 30. e6 f6 31. Bd5 Kf8 32. e4 Bd3 33. g4 Nb5 34. Ba5
Rcc8 35. Ke3 Na3 36. g5 f5 37. h5 gxh5 38. Bc3 Kg8 39. Kf2 fxe4 40. Ke3 Rf8 41.
Bxe4 Rb6 42. Be5 Bxe4 43. Kxe4 Rxe6 44. Rc3 Nb5 45. Rh3 Nd6+ 46. Kd5 Rg6 47.
Rxh5 Nf5 48. Rh3 Rd8+ 49. Ke4 Nd6+ 50. Ke3 Nf7 51. Ke4 Rxg5 52. fxg5 Nxg5+ 53.
Kf5 Nxh3 54. Ke6 Rd3 55. Rc1 c3 56. Rb1 h6 57. Rb8+ Kh7 58. Kf5 Rf3+ 59. Kg4
Re3 60. Kf5 Rf3+ 61. Kg4 Re3 62. Kf5 e6+ 63. Kf6 Rf3+ 64. Kxe6 Ng5+ 65. Kd5 Rf5
66. Rc8 Nf7 67. Ke6 Rxe5+ 68. Kxf7 Re3 69. Rc7 Rf3+ 70. Ke6+ Kg6 71. Rxa7 h5
72. Ke5 c2 73. Rc7 Rf2 74. Ke4 h4 75. Ke3 Rg2 76. Kf3 h3 77. a4 Rd2 78. Ke3 Rg2
79. Kf3 Rd2 80. Ke3 h2 81. Kxd2 h1=Q 82. Rxc2 Qe4 83. a5 Qb4+ 84. Kd3 Kf5 85.
a6 Qb5+ 86. Kd4 Qxa6 87. Rc5+ Kf4 88. Rc4 Qd6+ 89. Kc3+ Ke3 90. Kb3 Qd5 91. Kb4
Kd3 92. Rc3+ Kd4 93. Rb3 Qc4+ 94. Ka3 Qa6+ 95. Kb2 Qa5 96. Kb1 Kc4 97. Rb2 Qe1+
98. Ka2 Qd1 99. Rh2 Qb3+ 100. Ka1 Qa3+ 101. Kb1 Qd3+ 102. Ka2 Kc3 103. Rb2 Qd5+
104. Kb1 Qh1+ 105. Ka2 Qd1 106. Rb8 Qa4+ 107. Kb1 Qe4+ 108. Ka2 Qe2+ 109. Kb1
Qf1+ 110. Ka2 Qf2+ 111. Kb1 Qg1+ 112. Ka2 Qa7+ 0-1

[Event "18. Obert Int. Sant Marti 2016"]
[Site "Barcelona ESP"]
[Date "2016.07.20"]
[Round "8.21"]
[White "Perpinya Rofes, Lluis Maria"]
[Black "Sanchez Jerez, Emilio Miguel"]
[Result "0-1"]
[WhiteElo "2373"]
[BlackElo "2201"]
[PlyCount "78"]
[EventDate "2016.07.13"]
[EventType "swiss"]
[EventRounds "9"]
[EventCountry "ESP"]
[SourceTitle "Ajedrez en Madrid"]
[Source "lmi"]
[SourceDate "2016.07.13"]
[SourceVersion "1"]
[SourceVersionDate "2019.06.21"]
[SourceQuality "1"]

1. e4 e6 2. d4 d5 3. Nc3 Nc6 4. Be3 dxe4 5. Nxe4 Nf6 6. Nxf6+ gxf6 7. Nf3 b6 8.
Qd2 Bb7 9. O-O-O Qd5 10. c4 Qh5 11. Be2 Qg6 12. a3 O-O-O 13. Qc3 Qxg2 14. d5
Ne5 15. Rhg1 Qh3 16. Nxe5 fxe5 17. Qxe5 Bd6 18. Qf6 Qxh2 19. Bg4 h5 20. Rh1 Qg2
21. f3 Qe2 22. Qc3 Ba6 23. dxe6 Kb8 24. Rxd6 cxd6 25. e7 Rc8 26. Bxc8 Rxc8 27.
Re1 Qxc4 28. Qxc4 Bxc4 29. Kd2 Be6 30. Bf4 Kb7 31. Bxd6 h4 32. f4 Re8 33. Ke3
Kc6 34. Bb4 a5 35. Rc1+ Kb5 36. Bd6 h3 37. Kd4 Rh8 38. Rc2 Bd7 39. Be5 h2 0-1

[Event "18. Obert Int. Sant Marti 2016"]
[Site "Barcelona ESP"]
[Date "2016.07.20"]
[Round "8.22"]
[White "Gautier, Anand"]
[Black "Liu, Chang"]
[Result "1-0"]
[WhiteElo "2186"]
[BlackElo "2361"]
[PlyCount "77"]
[EventDate "2016.07.13"]
[EventType "swiss"]
[EventRounds "9"]
[EventCountry "ESP"]
[SourceTitle "Ajedrez en Madrid"]
[Source "lmi"]
[SourceDate "2016.07.13"]
[SourceVersion "1"]
[SourceVersionDate "2019.06.21"]
[SourceQuality "1"]

1. e4 c5 2. Nf3 d6 3. d4 cxd4 4. Nxd4 Nf6 5. Nc3 g6 6. Be3 Bg7 7. f3 Nc6 8. Qd2
O-O 9. O-O-O d5 10. Nxc6 bxc6 11. Bh6 Be6 12. Bxg7 Kxg7 13. exd5 cxd5 14. g4
Qb6 15. g5 Nh5 16. Nxd5 Bxd5 17. Qxd5 Qe3+ 18. Qd2 Qxd2+ 19. Rxd2 h6 20. gxh6+
Kxh6 21. Rd7 e6 22. Ba6 Nf6 23. Rd6 Kg5 24. c4 Kf4 25. b4 Rad8 26. Rhd1 Rxd6
27. Rxd6 Kxf3 28. Bb7+ Ke3 29. c5 Re8 30. b5 Re7 31. Bc6 Ng4 32. b6 axb6 33.
cxb6 Ne5 34. Bb5 f5 35. a4 f4 36. a5 f3 37. a6 f2 38. a7 Rf7 39. a8=Q 1-0

[Event "18. Obert Int. Sant Marti 2016"]
[Site "Barcelona ESP"]
[Date "2016.07.20"]
[Round "8.23"]
[White "Teichmann, Erik O M C"]
[Black "Garcia Ramos, Daniel"]
[Result "1/2-1/2"]
[WhiteElo "2312"]
[BlackElo "2195"]
[PlyCount "73"]
[EventDate "2016.07.13"]
[EventType "swiss"]
[EventRounds "9"]
[EventCountry "ESP"]
[SourceTitle "Ajedrez en Madrid"]
[Source "lmi"]
[SourceDate "2016.07.13"]
[SourceVersion "1"]
[SourceVersionDate "2019.06.21"]
[SourceQuality "1"]

1. b4 e6 2. Bb2 Nf6 3. b5 d5 4. Nf3 a6 5. a4 Be7 6. e3 O-O 7. c4 axb5 8. axb5
Rxa1 9. Bxa1 b6 10. cxd5 Nxd5 11. Be2 Bb7 12. O-O Nd7 13. d4 c5 14. bxc6 Bxc6
15. Nc3 Nxc3 16. Bxc3 b5 17. Qb1 Qb6 18. Bb4 Bxb4 19. Qxb4 Qb7 20. Rc1 h6 21.
h3 Nf6 22. Qd6 Bd5 23. Qb4 Bc6 24. Ne1 Nd5 25. Qd6 Rc8 26. Nd3 b4 27. Nc5 Qa8
28. Ba6 Rd8 29. Qe5 Nc3 30. Bf1 Bd5 31. Qc7 Rc8 32. Qb6 Qa3 33. Re1 b3 34. e4
Ba8 35. Nxb3 Nxe4 36. Bd3 Qd6 37. Qxd6 1/2-1/2

[Event "18. Obert Int. Sant Marti 2016"]
[Site "Barcelona ESP"]
[Date "2016.07.20"]
[Round "8.24"]
[White "Parnali, S Dharia"]
[Black "Gonzalez Rodriguez, Jorge A."]
[Result "1-0"]
[WhiteElo "2161"]
[BlackElo "2310"]
[PlyCount "101"]
[EventDate "2016.07.13"]
[EventType "swiss"]
[EventRounds "9"]
[EventCountry "ESP"]
[SourceTitle "Ajedrez en Madrid"]
[Source "lmi"]
[SourceDate "2016.07.13"]
[SourceVersion "1"]
[SourceVersionDate "2019.06.21"]
[SourceQuality "1"]

1. e4 e6 2. d4 d5 3. Nc3 Bb4 4. Bd2 Nf6 5. e5 Ng8 6. Qg4 Bf8 7. f4 b6 8. Nf3
Qd7 9. Bd3 Ba6 10. f5 Bxd3 11. fxe6 Qxe6 12. Qxe6+ fxe6 13. cxd3 h6 14. O-O a6
15. Rac1 Ne7 16. b4 Kd7 17. a4 Nbc6 18. Ne2 Ng6 19. b5 axb5 20. axb5 Na7 21.
Ra1 Be7 22. Rfb1 Nh4 23. Nxh4 Bxh4 24. g3 Be7 25. Ra2 Kc8 26. Nf4 Kb7 27. Nxe6
g5 28. Ng7 Rhd8 29. Nf5 Bf8 30. g4 Nc8 31. Rc2 Na7 32. Bb4 Bxb4 33. Rxb4 Rh8
34. Kg2 h5 35. Ne7 Rad8 36. Nc6 Ra8 37. Ne7 Rad8 38. Kg3 hxg4 39. Kxg4 Rh4+ 40.
Kxg5 Rdh8 41. Nxd5 R8h5+ 42. Kg6 Rh6+ 43. Kf5 R6h5+ 44. Ke6 Rh6+ 45. Kd7 Rh7+
46. Ne7 c5 47. bxc6+ Nxc6 48. Rxc6 Rxe7+ 49. Kxe7 Rh7+ 50. Kd6 Rh6+ 51. e6 1-0

[Event "18. Obert Int. Sant Marti 2016"]
[Site "Barcelona ESP"]
[Date "2016.07.20"]
[Round "8.25"]
[White "Uribe Arteaga, Daniel"]
[Black "Capellades Subirana, Marc"]
[Result "1/2-1/2"]
[WhiteElo "2304"]
[BlackElo "2153"]
[PlyCount "126"]
[EventDate "2016.07.13"]
[EventType "swiss"]
[EventRounds "9"]
[EventCountry "ESP"]
[SourceTitle "Ajedrez en Madrid"]
[Source "lmi"]
[SourceDate "2016.07.13"]
[SourceVersion "1"]
[SourceVersionDate "2019.06.21"]
[SourceQuality "1"]

1. d4 Nf6 2. c4 e6 3. Nc3 Bb4 4. f3 c5 5. a3 Ba5 6. dxc5 Bxc3+ 7. bxc3 Qa5 8.
e4 Qxc3+ 9. Bd2 Qe5 10. Be3 Qc3+ 11. Kf2 Nc6 12. Ne2 Qb2 13. g3 O-O 14. Bg2 b6
15. Qa4 Bb7 16. Qb5 Qxb5 17. cxb5 Ne5 18. Rhd1 Nfg4+ 19. fxg4 Nxg4+ 20. Kg1
Nxe3 21. Rxd7 Bc8 22. Rc7 Nxg2 23. Kxg2 bxc5 24. Rd1 Rb8 25. Nc3 a6 26. a4 axb5
27. axb5 f5 28. e5 Bb7+ 29. Kg1 Rfc8 30. Rdd7 Rxc7 31. Rxc7 Bd5 32. Rxc5 Ra8
33. Nxd5 exd5 34. Rxd5 Ra1+ 35. Kg2 Kf7 36. Rd7+ Ke6 37. Rxg7 Rb1 38. Rb7 Rb2+
39. Kh3 Kxe5 40. b6 h6 41. Rb8 Kf6 42. g4 fxg4+ 43. Kxg4 Kg7 44. h4 Rb5 45.
Rb7+ Kf6 46. Rb8 Kg6 47. Kf4 Kh5 48. Ke4 Kxh4 49. Kd4 h5 50. Kc4 Rb1 51. Kc5
Kh3 52. Ra8 Rc1+ 53. Kb5 Rb1+ 54. Kc6 h4 55. b7 Kg3 56. Ra3+ Kg2 57. Ra2+ Kg3
58. Ra5 Rxb7 59. Kxb7 h3 60. Rg5+ Kf2 61. Rh5 Kg2 62. Kc6 h2 63. Rxh2+ Kxh2
1/2-1/2

[Event "18. Obert Int. Sant Marti 2016"]
[Site "Barcelona ESP"]
[Date "2016.07.20"]
[Round "8.26"]
[White "Prince, Bajaj"]
[Black "Rueda Marquez, David J."]
[Result "1-0"]
[WhiteElo "2279"]
[BlackElo "2066"]
[PlyCount "97"]
[EventDate "2016.07.13"]
[EventType "swiss"]
[EventRounds "9"]
[EventCountry "ESP"]
[SourceTitle "Ajedrez en Madrid"]
[Source "lmi"]
[SourceDate "2016.07.13"]
[SourceVersion "1"]
[SourceVersionDate "2019.06.21"]
[SourceQuality "1"]

1. e4 e5 2. Nf3 Nc6 3. Bb5 a6 4. Ba4 Nf6 5. O-O Nxe4 6. d4 b5 7. Bb3 d5 8. dxe5
Be6 9. Nbd2 Nc5 10. c3 Be7 11. Bc2 d4 12. cxd4 Nxd4 13. Nxd4 Qxd4 14. Nf3 Qxd1
15. Rxd1 O-O 16. Nd4 Rfd8 17. Be3 Bd5 18. Rac1 Ne6 19. Nf5 Bf8 20. Bb1 Rac8 21.
f4 g6 22. Ng3 Bh6 23. Rf1 Bc4 24. Rf2 Bd3 25. Ne4 Bxb1 26. Rxb1 Rd3 27. Re1
Rcd8 28. g3 Bf8 29. Rc2 c5 30. b3 Kg7 31. Kf2 Nd4 32. Bxd4 R8xd4 33. Nxc5 Rd2+
34. Re2 Rxc2 35. Rxc2 Bxc5 36. Rxc5 Rd2+ 37. Kf3 Rxa2 38. Rc7 Kf8 39. h4 h5 40.
f5 gxf5 41. Kf4 Rb2 42. Kg5 Rxb3 43. Kf6 Ke8 44. Rxf7 Rxg3 45. Rh7 Kd8 46. e6
Re3 47. e7+ Kc8 48. Rh8+ Kd7 49. Rd8+ 1-0

[Event "18. Obert Int. Sant Marti 2016"]
[Site "Barcelona ESP"]
[Date "2016.07.20"]
[Round "8.27"]
[White "Sadhwani, Raunak"]
[Black "Ramirez Garcia, Jorge Alberto"]
[Result "1/2-1/2"]
[WhiteElo "2122"]
[BlackElo "2264"]
[PlyCount "55"]
[EventDate "2016.07.13"]
[EventType "swiss"]
[EventRounds "9"]
[EventCountry "ESP"]
[SourceTitle "Ajedrez en Madrid"]
[Source "lmi"]
[SourceDate "2016.07.13"]
[SourceVersion "1"]
[SourceVersionDate "2019.06.21"]
[SourceQuality "1"]

1. e4 e6 2. d4 d5 3. Nd2 c5 4. exd5 exd5 5. Ngf3 Nc6 6. Bb5 cxd4 7. Nxd4 Bd7 8.
N2b3 Bd6 9. O-O Nge7 10. Bg5 O-O 11. Re1 Qc7 12. Bxe7 Nxe7 13. Bxd7 Qxd7 14. c3
b5 15. Qd3 Rab8 16. a3 Rfd8 17. g3 g6 18. f4 a6 19. Rf1 Nc8 20. f5 Nb6 21. Qf3
Nc4 22. Rf2 Rb7 23. Kh1 Bf8 24. Re2 Re8 25. fxg6 hxg6 26. Rae1 Rbb8 27. Qf2 Re4
28. Nc1 1/2-1/2

[Event "18. Obert Int. Sant Marti 2016"]
[Site "Barcelona ESP"]
[Date "2016.07.20"]
[Round "8.28"]
[White "Ojas, Kulkarni"]
[Black "Hernandez Moya, Yuleisy"]
[Result "1/2-1/2"]
[WhiteElo "2006"]
[BlackElo "2260"]
[PlyCount "27"]
[EventDate "2016.07.13"]
[EventType "swiss"]
[EventRounds "9"]
[EventCountry "ESP"]
[SourceTitle "Ajedrez en Madrid"]
[Source "lmi"]
[SourceDate "2016.07.13"]
[SourceVersion "1"]
[SourceVersionDate "2019.06.21"]
[SourceQuality "1"]

1. d4 f5 2. Nf3 Nf6 3. c4 g6 4. b4 Bg7 5. Bb2 c6 6. e3 d5 7. Nc3 e6 8. Be2 O-O
9. O-O Nbd7 10. a4 a5 11. b5 Ne4 12. Qc2 Kh8 13. Rac1 Rb8 14. Nd2 1/2-1/2

[Event "18. Obert Int. Sant Marti 2016"]
[Site "Barcelona ESP"]
[Date "2016.07.20"]
[Round "8.29"]
[White "Coll Ortega, Jordi"]
[Black "Harikrishnan.A.Ra"]
[Result "0-1"]
[WhiteElo "2243"]
[BlackElo "2138"]
[PlyCount "114"]
[EventDate "2016.07.13"]
[EventType "swiss"]
[EventRounds "9"]
[EventCountry "ESP"]
[SourceTitle "Ajedrez en Madrid"]
[Source "lmi"]
[SourceDate "2016.07.13"]
[SourceVersion "1"]
[SourceVersionDate "2019.06.21"]
[SourceQuality "1"]

1. e4 e6 2. d4 d5 3. Nd2 a6 4. Ngf3 c5 5. exd5 exd5 6. dxc5 Bxc5 7. Nb3 Be7 8.
Bd3 Nf6 9. h3 O-O 10. O-O Nc6 11. c3 Re8 12. Bc2 Ne4 13. Nbd4 Bf6 14. Bf4 Nc5
15. Qd2 Qb6 16. Rae1 Ne4 17. Nb3 Rd8 18. Qe3 Qb5 19. Nfd4 Nxd4 20. Nxd4 Qxb2
21. Bxe4 dxe4 22. Qxe4 Bd7 23. Bc7 Rdc8 24. Ba5 Bxd4 25. Qxd4 Bb5 26. Rb1 Qxa2
27. Ra1 Qc2 28. Rfd1 Qg6 29. Qd6 Qe4 30. Rd4 Qe2 31. Rad1 h5 32. Qf4 Qa2 33.
Bc7 Re8 34. c4 Ba4 35. R1d3 Qb1+ 36. Kh2 Bc2 37. Rf3 Bg6 38. c5 Re1 39. Rb4
Rh1+ 40. Kg3 Qg1 41. Kh4 Qxg2 42. Rg3 Qc6 43. Bd6 a5 44. Rb6 Qd7 45. Qf3 Qd8+
46. Rg5 Rg1 47. Bg3 a4 48. Qxb7 Kh7 49. Rd6 Qe8 50. Re5 Qf8 51. Ra6 Rxa6 52.
Qxa6 Qd8+ 53. Rg5 Rxg3 54. fxg3 Kh6 55. g4 Qxg5+ 56. Kg3 Qe3+ 57. Kh4 Qf2# 0-1

[Event "18. Obert Int. Sant Marti 2016"]
[Site "Barcelona ESP"]
[Date "2016.07.20"]
[Round "8.30"]
[White "Cruz, Filemon"]
[Black "Salagran Ferragut, Guillem"]
[Result "1-0"]
[WhiteElo "2407"]
[BlackElo "2196"]
[PlyCount "79"]
[EventDate "2016.07.13"]
[EventType "swiss"]
[EventRounds "9"]
[EventCountry "ESP"]
[SourceTitle "Ajedrez en Madrid"]
[Source "lmi"]
[SourceDate "2016.07.13"]
[SourceVersion "1"]
[SourceVersionDate "2019.06.21"]
[SourceQuality "1"]

1. c4 e5 2. g3 Nc6 3. Bg2 Nf6 4. Nc3 Bc5 5. e3 d6 6. Nge2 a6 7. d3 O-O 8. O-O
Ba7 9. b3 Ne7 10. Ba3 Rb8 11. Rc1 Ng6 12. Qd2 Re8 13. Nd5 Be6 14. Nec3 h6 15.
Nxf6+ Qxf6 16. c5 dxc5 17. Bxc5 Bxc5 18. Ne4 Qd8 19. Nxc5 Bd5 20. e4 Be6 21.
Qc3 Bc8 22. b4 b6 23. Nb3 Re7 24. d4 Be6 25. dxe5 Bxb3 26. axb3 Nxe5 27. Rfd1
Qe8 28. f4 Ng6 29. e5 Rd8 30. Bc6 Rxd1+ 31. Rxd1 Qc8 32. Qd3 Nf8 33. Qd8 Qe6
34. b5 axb5 35. Bxb5 g5 36. Bc4 Qg4 37. Rd3 Rd7 38. Qf6 gxf4 39. e6 fxg3 40.
Rxd7 1-0

[Event "18. Obert Int. Sant Marti 2016"]
[Site "Barcelona ESP"]
[Date "2016.07.20"]
[Round "8.31"]
[White "Villar Reymundo, Juan Antonio"]
[Black "Hernando Rodrigo, Julio Antoni"]
[Result "1/2-1/2"]
[WhiteElo "2165"]
[BlackElo "2333"]
[PlyCount "84"]
[EventDate "2016.07.13"]
[EventType "swiss"]
[EventRounds "9"]
[EventCountry "ESP"]
[SourceTitle "Ajedrez en Madrid"]
[Source "lmi"]
[SourceDate "2016.07.13"]
[SourceVersion "1"]
[SourceVersionDate "2019.06.21"]
[SourceQuality "1"]

1. d4 Nf6 2. c4 g6 3. g3 Bg7 4. Bg2 O-O 5. Nf3 d6 6. O-O Nc6 7. Nc3 a6 8. d5
Na5 9. Nd2 c5 10. Qc2 Rb8 11. Rb1 b5 12. b3 Bd7 13. Bb2 Qc7 14. e4 bxc4 15.
bxc4 Rb4 16. Ba3 Rxb1 17. Rxb1 Ng4 18. h3 Ne5 19. Nd1 g5 20. Ne3 Rb8 21. Kh2 g4
22. hxg4 Nxg4+ 23. Nxg4 Bxg4 24. f3 Bd7 25. Bb2 Bxb2 26. Rxb2 Rb4 27. a3 Rxb2
28. Qxb2 f6 29. Bh3 Bxh3 30. Kxh3 Nb7 31. Nf1 Nd8 32. Ne3 Qb7 33. Qc2 Nf7 34.
f4 Qb6 35. Nf5 Kf8 36. Kg4 Qb8 37. Kf3 Nh8 38. Qa4 Qb1 39. Qd7 Qf1+ 40. Ke3
Qe1+ 41. Kf3 Qf1+ 42. Ke3 Qe1+ 1/2-1/2

[Event "18. Obert Int. Sant Marti 2016"]
[Site "Barcelona ESP"]
[Date "2016.07.20"]
[Round "8.32"]
[White "Jayakumaar, S."]
[Black "Dardha, Arben"]
[Result "1-0"]
[WhiteElo "2151"]
[BlackElo "2330"]
[PlyCount "151"]
[EventDate "2016.07.13"]
[EventType "swiss"]
[EventRounds "9"]
[EventCountry "ESP"]
[SourceTitle "Ajedrez en Madrid"]
[Source "lmi"]
[SourceDate "2016.07.13"]
[SourceVersion "1"]
[SourceVersionDate "2019.06.21"]
[SourceQuality "1"]

1. e4 c5 2. Nf3 Nc6 3. Bb5 g6 4. O-O Bg7 5. Bxc6 dxc6 6. h3 Nf6 7. d3 Nd7 8. a4
b6 9. Nbd2 Ba6 10. a5 O-O 11. axb6 axb6 12. Rb1 e5 13. b3 Qc7 14. Nc4 Rfd8 15.
Nfd2 Nf8 16. Bb2 Ne6 17. Bc3 Rab8 18. b4 cxb4 19. Bxb4 Nf4 20. Qf3 Bb5 21. Ne3
Ra8 22. Ra1 Qb7 23. Ndc4 Rxa1 24. Rxa1 c5 25. Bc3 f6 26. Kh2 Bc6 27. Rb1 b5 28.
Na5 Qd7 29. Nxc6 Qxc6 30. g3 Ne6 31. Nd5 Kh8 32. Ra1 b4 33. Bb2 Nc7 34. Ne3 Ra8
35. Rxa8+ Qxa8 36. Qg4 Qe8 37. f4 h5 38. Qf3 exf4 39. gxf4 Kh7 40. f5 g5 41.
Nc4 h4 42. e5 Qe7 43. e6 Kh6 44. Qc6 Ne8 45. Qd7 Bf8 46. Kh1 Ng7 47. Ne3 Nh5
48. Nd5 Qd6 49. Qxd6 Bxd6 50. e7 Bxe7 51. Nxe7 Kg7 52. Nd5 Ng3+ 53. Kg1 Nxf5
54. Nxf6 Kg6 55. Ng4 Ng3 56. Kf2 Kf5 57. Ne3+ Ke6 58. Kf3 Nh5 59. Kg4 Nf4 60.
Nc4 Kd5 61. Bf6 b3 62. cxb3 Nxd3 63. Bxg5 Kd4 64. Bf6+ Ke4 65. Nd2+ Ke3 66.
Bg5+ Kd4 67. Kxh4 Kc3 68. Kg3 Kd4 69. h4 Ke5 70. h5 Kf5 71. h6 Kg6 72. Be3 Ne5
73. Kf4 Nd7 74. Ke4 Nf6+ 75. Kd3 Ng4 76. Ne4 1-0